Introduccion a la metafisica /

Guardado en:
Autor Principal: Heidegger, Martin
Formato: Libro
Publicado: Barcelona : Gedisa, 1997
Materias:
Etiquetas: Agregar Etiqueta
Sin Etiquetas, Sea el primero en etiquetar este registro!
LEADER 00553nam a22001935a 4500
001 EHU.bham021761
003 AR-BHAM
005 20101104135321.0
008 130507s1997##################000#0#####d
082 1 9 |a 193 
100 1 |a Heidegger, Martin 
245 1 0 |a Introduccion a la metafisica /  |c Martin Heidegger 
260 |a Barcelona :  |b Gedisa,  |c 1997 
300 |a 189 p. 
500 |a Trad. Angela Ackermann Pilari 
653 |a Filosofia 
653 |a Metafisica 
653 |a Filosofia alemana 
859 |a AR-BHAM  |b BIB. HUMANIDADES - General  |h 193  |i H362-23  |p 750.97  |t Ej.1